000 00290nam a22001217a 4500
008 170425b xxu||||| |||| 00| 0 eng d
041 _aeng
080 _a577
100 _a12
101 _aSHM
245 _aCAMBRIDGE TEXT IN CHEMISTRY AND BIOCHEMISTRY
_cCARRUTHERS.W
942 _2udc
_cBK
999 _c11841
_d11841